Pays enclavés - Statistiques

Statistiques générales
  • Ce quiz a été pris 89 fois
    88 depuis la dernière actualisation
  • Le résultat moyen est 36 sur 44
Statistiques - réponses
Continent Pays % Correct
Afrique du Sud Lesotho
95%
France Andorre
90%
Argentine Paraguay
90%
France Suisse
90%
Belgique Luxembourg
89%
Italie Vatican
88%
Allemagne Autriche
87%
Brésil Bolivie
87%
Italie Saint-Marin
87%
Autriche Hongrie
84%
Russie Kazakhstan
84%
Suisse Liechtenstein
84%
Inde Népal
84%
Kazakhstan Ouzbékistan
84%
Ouzbékistan Tadjikistan
84%
Afrique du Sud Eswatini
83%
Thaïlande Laos
83%
Chine Mongolie
83%
Nigeria Niger
83%
Soudan Tchad
83%
Algérie Mali
82%
Ouganda Rwanda
82%
Ouganda Soudan du Sud
82%
Inde Bhoutan
81%
Grèce Macédoine du Nord
81%
Croatie Serbie
81%
Pakistan Afghanistan
80%
Arménie Azerbaïdjan
80%
Roumanie Moldavie
80%
Pologne Slovaquie
80%
Allemagne Tchéquie
80%
Iran Turkménistan
80%
Rwanda Burundi
78%
Chine Kirghizistan
78%
Zimbabwe Zambie
78%
Afrique du Sud Botswana
76%
Kenya Ouganda
76%
Tchad République centrafricaine
76%
Turquie Arménie
75%
Pologne Biélorussie
73%
Mozambique Zimbabwe
73%
Mali Burkina Faso
71%
Mozambique Malawi
71%
Soudan Éthiopie
70%
Aucun quiz correspondant
Distribution des résultats
% des personnes avec chaque résultat
Percentile par nombre de réponses
Votre historique - résultats
Vous n’avez pas pris ce quiz depuis la dernière actualisation